00773nam a2200217 a 4500001001000000003000900010005001700019008004100036040002500077049000900102082001600111100002700127245005600154260007900210300002100289500003400310650006600344942001400410952011400424999001700538000025187DO-SdBNP20251204073702.0110211s2004 dr 000 0 spa d aDO-SdBNPbspacBNPHU aBNPD a353.4bR7441 aRoldán, Leila95166713aLa justicia dominicana 1997-2001 /cLeila Roldán. aSanto Domingo :bCentro de Altos Estudios Jurídicos y Sociales,c[200?]. a165 p. ;c23 cm. aIncluye índice onomástico 0aAdministración de justicia zRepública Dominicana910083 2ddccLBS1 0010718PDaPDbPDcCTd2011-02-15iLF1l0o353.4 R744p25187-10r2020-06-25w2020-06-25yLFPDZNo se presta c24680d24680